1946 1123 1171 1946 1615 1707 1759 1192 1548 1041 1319 1842 1326 1746 1724 1915 1282 1844 1520 1630 1888 1306 1366 1043 1626 1946 1136 1207 1788 1920 1666 1180 1872 1402 1814 1527 1370 1347 1331 1649 1475 1902 1381 1075 1062 1681 1828 1676 1886 1091 1110 1401 1451 1215 1139 1740 1459 1226 1751 1009 1296 1541 1551 1824 1295 1137 1534 1886 1287 1768 1966 1040 1149 1265 1568 1713 1965 1988 1471 1953 1727 1172 1628 1245 1158 1340 1521 1550 1648 1570 1090 1079 1536 1570 1880 1774 1612 1867 1003 BCNSPRNW ULIB Ver.6.0+V

เปลี่ยนเป็นภาษาไทย

Change to English
 แสดงรายละเอียดบรรณานุกรม
  กลับหน้าหลัก

Brief Record : Get Marc (ISO 2709) : E-mail record : QR code < ปิดหน้าต่าง
LEADER : 00000nam 2200000uu 4500
001    13399122891
003     ULIB
008    131025s2556||||th 000 0 tha d
020    ^a9786167073569
050  4 ^aPL4185^bพ174^d2556
110 1  ราชบัณฑิตยสถาน
245 00 ^aพจนานุกรมฉบับราชบัณฑิตยสถาน พ.ศ. 2554 เฉลิมพระเกียรติพระบาทสมเด็จพระเจ้าอยู่หัวเนื่องในโอกาสพระราชพิธีมหามงคลเฉลิมพระชนมพรรษา 7 รอบ 5 ธันวาคม 2554
250    ^aพิมพ์ครั้งที่ 1.
260    ^aกรุงเทพฯ :^bราชบัณฑิตยสถาน,^c2556.
300    ^a693 หน้า :^bภาพประกอบ ;^c27 ซม.
500    ^aเฉลิมพระเกียรติพระบาทสมเด็จพระเจ้าอยู่หัวเนื่องในโอกาสพระราชพิธีมหามงคลเฉลิมพระชนมพรรษา 7 รอบ 5 ธันวาคม 2554
500    ^aSend to Single Search
650  7 ^aThai language^vDictionaries
650  4 ^aภาษาไทย^vพจนานุกรม
945    ^p0^l0^i034109
999    ^aเกษร โพธิ์สุวรรณ
รายการนี้ยังไม่มีแท็ก
คุณยังไม่ได้ล็อกอิน คุณสามารถมีกิจกรรมร่วมกับเว็บไซต์ได้ แต่ต้องล็อกอินก่อน ::
  ล็อกอิน

รายการสื่อสารสนเทศ

ลำดับที่ ประเภท เลขเรียก/บาร์โค้ด สถานที่ สถานะ
1. Book การพยาบาล
หนังสือสำรอง
สถานะ=หนังสือสำรอง
PL4185 พ174 2556  
  Barcode: 034109
ห้องสมุดวิทยาเขตสวรรค์ประชารักษ์
►หนังสือทั่วไป
บนชั้น

BibComment


ยังไม่เคยถูกคอมเมนท์

คอมเมนท์ทรัพยากรรายการนี้
  คอมเมนท์: พจนานุกรมฉบับราช..


 Copyright 2026. Bcnsprnw @Library